000 00387nam a2200145Ia 4500
041 _aArabic
082 _a332,6 cut-896 ش
100 _a20260118u\\\\\\\\\\\y0engy0103\\\\ba
100 _aد.مروان شموط
245 0 _aاسس الاستثمار
250 _aط1
260 _bالشركة العربية المتحدة
_aالقاهرة
_c2024
300 _a369
942 _cBk
999 _c188461
_d188461